| 000 | 00483nam a22001697a 4500 | ||
|---|---|---|---|
| 005 | 20140310183644.0 | ||
| 008 | 131219b xxu||||| |||| 00| 0 eng d | ||
| 020 | _a0323013325 | ||
| 050 |
_aRT 98 _b.St783 2001 |
||
| 245 |
_aHandbook of Public and Community Health Nursing Practice : _bA Health promotion Guide / |
||
| 250 | _a2nd ed. | ||
| 260 |
_aU.S.A : _bMosby, Inc. , _c2001. |
||
| 300 |
_a392 p : _bill. ; _c21 cm. |
||
| 521 | _aNUR | ||
| 942 |
_2lcc _cBK _kFOR |
||
| 999 |
_c25884 _d25884 |
||